000 00617nam a22002417a 4500
003 UA-OsUOA
001 85985
007 ta
008 20120724b un ||||| |||| 00| 0 ukr d
100 _aЩетинін А.І.
090 _a330.10(075)
_bЩ70
942 _cBK
040 _aUA-OsUOA
_bukr
_cUA-OsUOA
_dUA-OsUOA
245 _aПолітична економія
_bпідручник
300 _a480 с.
955 _a2
041 _aukr
080 _a330.10(075)
020 _a978-611-01-0205-6
260 _aК.
_bЦУЛ
_c2011
650 7 _a330 Економіка взагалі
_2UDC
999 _c372289
_d372289